Los poetas del tango /

Antología de letras de tangos y milongas, géneros literario musical populares en Argentina, escritas para ser cantada. En esta se nota la influencia de la literatura a través de la atracción por el lujo verbal que emanaba del modernismo, como también por el sentimiento desolado que alentaba el roman...

Fuld beskrivelse

Guardado en:
Bibliografiske detaljer
Hovedforfatter: Mandrini, Eugenio (selec. y pról.)
Format: Bog
Sprog:spansk
Udgivet: Buenos Aires, Argentina : Colihue, 2000, c2000
Serier:(Musarisca. Poesía)
Fag:
Tags: Tilføj Tag
Ingen Tags, Vær først til at tagge denne postø!

MARC

LEADER 00000nam^a2200000^a^4500
001 000170532
005 20250521000000.0
009 20260526125634.383
020 |a 950-581-689-8 
037 |a Acervo ITESO - Biblioteca 
041 |a ESP 
082 |a 786. 1709823  |b MAN 
100 |a Mandrini, Eugenio  |e (selec. y pról.) 
245 1 4 |a Los poetas del tango /  |c Selec. y pról. de E. Madrini. 
264 4 |a Buenos Aires, Argentina :  |b Colihue,  |c 2000, c2000 
300 |a 240 p. 
336 |a texto  |b txt  |2 rdacontenido 
337 |a sin mediación  |b n  |2 rdamedio 
338 |a volumen  |b nc  |2 rdasoporte 
440 1 |a (Musarisca.  |p Poesía) 
520 |a Antología de letras de tangos y milongas, géneros literario musical populares en Argentina, escritas para ser cantada. En esta se nota la influencia de la literatura a través de la atracción por el lujo verbal que emanaba del modernismo, como también por el sentimiento desolado que alentaba el romanticismo. 
649 |a XX 
650 |a Tango -  |x Tema Principal 
650 |a Tango -  |z Argentina -  |x Cancioneros 
650 |a Tango -  |x Cancioneros 
650 |a Música Folklórica -  |z Argentina -  |x Cancioneros 
650 |a Música Folklórica -  |x Cancioneros 
650 |a Música Popular -  |z Argentina -  |x Cancioneros 
650 |a Música Popular -  |x Cancioneros 
650 |a Música Argentina -  |x Cancioneros 
650 |a Danza Folklórica -  |z Argentina -  |x Cancioneros 
650 |a Danza Folklórica -  |x Cancioneros 
650 |a Danza Popular -  |z Argentina -  |x Cancioneros 
650 |a Danza Popular -  |x Cancioneros 
650 |a Danza Argentina -  |x Cancioneros 
650 |a Folklore -  |z Argentina 
650 |a Prácticas Culturales -  |z Argentina 
650 |a Cultura Popular -  |z Argentina 
910 |a Fondo General 
920 |a Impresos - Libros 
930 |a Colección General 
905 |a 101 
901 |a 0500107880  |b IT1  |c ACC  |u 20250521 
902 |a https://opac.biblio.iteso.mx/vufind/Record/000170532